000 00450nam a2200169Ia 4500
008 230917s9999||||xx |||||||||||||| ||und||
020 _cRS1150
040 _e230110
_aMAIN
041 _aEnglish
082 _a370.15 D26T
100 _aDash, B N
245 0 _aTextbook of educational psychology
260 _aNew Delhi
_bDominant Publishers
_c2015
300 _a599 p.
500 _a2241 04/01/2016 HBD15/1351 04/01/2016 Main Budget
942 _cBK
999 _c17181
_d17181